Every 2025 F1 Podium (So far) - Statistics

General Stats
  • This quiz has been taken 68 times
    10 since last reset
  • The average score is 52 of 84
Answer Stats
Hint Answer % Correct
Australia Lando Norris
100%
Charles Leclerc
71%
Canada George Russell
71%
Singapore George Russell
71%
George Russell
71%
Isack Hadjar
71%
Miami Sprint Lando Norris
71%
Monaco Lando Norris
71%
Austria Lando Norris
71%
Britian Lando Norris
71%
Lando Norris
71%
Lando Norris
71%
Mexico Lando Norris
71%
Brazil Lando Norris
71%
Lando Norris
71%
China Sprint Lewis Hamilton
71%
Max Verstappen
71%
Japan Max Verstappen
71%
Emilia Romagna Max Verstappen
71%
Belgium Sprint Max Verstappen
71%
Max Verstappen
71%
Max Verstappen
71%
Texas Max Verstappen
71%
Max Verstappen
71%
Las Vegas Max Verstappen
71%
Qatar Max Verstappen
71%
Abu Dhabi Max Verstappen
71%
Nico Hulkenburg
71%
China Oscar Piastri
71%
Miami Oscar Piastri
71%
Spain Oscar Piastri
71%
Oscar Piastri
71%
Oscar Piastri
71%
Oscar Piastri
71%
Belgium Oscar Piastri
71%
Netherlands Oscar Piastri
71%
Oscar Piastri
71%
Oscar Piastri
71%
Carlos Sainz
57%
Charles Leclerc
57%
Charles Leclerc
57%
Charles Leclerc
57%
Charles Leclerc
57%
Charles Leclerc
57%
George Russell
57%
George Russell
57%
Kimi Antonelli
57%
Kimi Antonelli
57%
Kimi Antonelli
57%
Lando Norris
57%
Lando Norris
57%
Lando Norris
57%
Lando Norris
57%
Hungary Lando Norris
57%
Lando Norris
57%
Lando Norris
57%
Lando Norris
57%
Brazil Sprint Lando Norris
57%
Lewis Hamilton
57%
Max Verstappen
57%
Max Verstappen
57%
Monza Max Verstappen
57%
Baku Max Verstappen
57%
Max Verstappen
57%
Oscar Piastri
57%
Oscar Piastri
57%
Bahrain Oscar Piastri
57%
Saudi Arabia Oscar Piastri
57%
Oscar Piastri
57%
Oscar Piastri
57%
Oscar Piastri
57%
Oscar Piastri
57%
Carlos Sainz
43%
Charles Leclerc
43%
George Russell
43%
George Russell
43%
George Russell
43%
George Russell
43%
George Russell
43%
Kimi Antonelli
43%
Lando Norris
43%
Lando Norris
43%
Max Verstappen
43%
Oscar Piastri
43%
No matching quizzes found
Score Distribution
Percent of People with Each Score
Percentile by Number Answered
Your Score History
You have not taken this quiz since the last reset